Agriculture (Wales) Act 2023 (Record no. 121647)
[ view plain ]
| 000 -LEADER | |
|---|---|
| fixed length control field | 01034nam a22002177a 4500 |
| 008 - FIXED-LENGTH DATA ELEMENTS--GENERAL INFORMATION | |
| fixed length control field | 230825s2023 xxk|||||ol|||o00| 0 eng d |
| 041 ## - LANGUAGE CODE | |
| Language code of text/sound track or separate title | eng |
| 110 ## - MAIN ENTRY--CORPORATE NAME | |
| Corporate author | Senedd Cymru |
| 245 ## - TITLE STATEMENT | |
| Title | Agriculture (Wales) Act 2023 |
| 260 ## - PUBLICATION INFORMATION | |
| Date | 2023 |
| 520 ## - ABSTRACT | |
| Abstract | An Act of Senedd Cymru to make provision about sustainable land management; to make provision for and in connection with support for agriculture; to make provision about matters relating to agriculture and agricultural products; to amend the Forestry Act 1967 in connection with tree felling licences; and to amend the Wildlife and Countryside Act 1981 in connection with prohibitions relating to snares and traps etc |
| 650 ## - KEYWORDS | |
| Keywords | AGRICULTURE |
| 650 ## - KEYWORDS | |
| Keywords | AGRICULTURE (WALES) ACT 2023 |
| 650 ## - KEYWORDS | |
| Keywords | FORESTRY ACT 1967 |
| 650 ## - KEYWORDS | |
| Keywords | LAND MANAGEMENT |
| 650 ## - KEYWORDS | |
| Keywords | WILDLIFE AND COUNTRYSIDE ACT 1981 |
| 651 ## - SUBJECT ADDED ENTRY--GEOGRAPHIC NAME | |
| Geographic name | Wales |
| 690 ## - BROAD SUBJECT | |
| 9 (RLIN) | 6251 |
| Broad subject | Land use |
| 856 ## - ONLINE RESOURCE | |
| Uniform Resource Identifier | <a href="https://www.legislation.gov.uk/asc/2023/4/contents/enacted">https://www.legislation.gov.uk/asc/2023/4/contents/enacted</a> |
| Public note | Available on legislation.gov.uk |
| 942 ## - ADDED ENTRY ELEMENTS (KOHA) | |
| Suppress in OPAC | Do not suppress in OPAC |
| Lost status | Damaged status | Not for loan | Home library | Current library | Shelving location | Date acquired | Total Checkouts | Full call number | Date last seen | Price effective from | Koha item type |
|---|---|---|---|---|---|---|---|---|---|---|---|
| Virtual | Virtual | Online | 25/08/2023 | LEGISLATION | 25/08/2023 | 25/08/2023 | Online material |